Представление документа в формате MARC21

Поле Инд. ПП Название Значение
Тип записи a
Библиографический уровень m
001 Контрольный номер RU/LIBMSTU/262170833
005 Дата корректировки 20200512152031.0
008 Кодируемые данные 080428|||||||||ru |||||||||||000|||rus||
020 a ISBN 978-5-85971-589-3
c Цена, тираж 150-00
040 b Код языка каталог. rus
041 0_ a Код языка текста rus
084 a Индекс другой классификации/Индекс ББК 65.5+65.298
090 a Полочн. индекс 65.5
x Авторский знак М 64
245 10 a Заглавие Мировая экономика и международный бизнес
b Продолж. заглавия практикум
c Ответственность [В. В. Поляков и др.] ; под общ. ред. В. В. Полякова, Р. К. Щенина
260 a Место издания Москва
b Издательство КноРус
c Дата издания 2007
300 a Объем 399 с.
500 a Примечание Авт. указаны на с. 9
504 a Библиография Библиогр. после каждой гл.
650 04 a Основная рубрика Мировая экономика-Учебные издания для высших учебных заведений
650 14 a Основная рубрика Международный бизнес-Учебные издания для высших учебных заведений
653 0_ a Ключевые слова Экономика
653 1_ a Ключевые слова Мировая экономика
653 1_ a Ключевые слова Бизнес
653 1_ a Ключевые слова Международный бизнес
653 1_ a Ключевые слова Инновационный бизнес
653 1_ a Ключевые слова Конкурентоспособность
653 1_ a Ключевые слова Ценообразование
700 12 a Другие авторы Поляков В. В.
e Роль лиц ред.
700 1_ a Другие авторы Щенин Р. К.
e Роль лиц ред.
901 t Тип документа m
952 b Гриф литературы для ВШ Рекомендовано УМО по образованию в области финансов, учета и мировой экономики